Rock & Metal Bands by Picture - Statistics

General Stats
  • This quiz has been taken 312 times
  • The average score is 9 of 15
Answer Stats
Picture Answer % Correct
KISS
82%
Rainbow
81%
Deep Purple
79%
Venom
79%
Poison
75%
Asia
71%
Iron Maiden
69%
WASP
69%
Meat Loaf
60%
The Doors
59%
Garbage
53%
Bush
50%
Gun
44%
Presidents of the USA
9%
The Tubes
4%
No matching quizzes found
Score Distribution
Percent of People with Each Score
Percentile by Number Answered
Your Score History
You have not taken this quiz